| 000 | 00641nam a2200217 a 4500 | ||
|---|---|---|---|
| 001 | BRCA_419 | ||
| 005 | 20190320203013.0 | ||
| 008 | 940128s1988 mx-a---##b---#001-0#spa-d | ||
| 020 | _a9682426758 | ||
| 040 |
_aTxU _cTxU _dDLC |
||
| 050 | 4 |
_aN72.S6 _b.A29 1988 |
|
| 100 | 1 |
_aAcha, Juan _91425 |
|
| 245 | 1 | 0 |
_aEl consumo artístico y sus efectos _cJuan Acha. |
| 260 |
_aMéxico _bTrillas _c1988 |
||
| 300 |
_a304 p. _bil. (algunas a color), diagramas _c23 cm. |
||
| 504 | _aBibliografía: p. 291-293 | ||
| 650 | 1 | 4 |
_aArte y sociedad _91426 |
| 650 | 1 | 4 |
_aArte _xMercado _91427 |
| 650 | 1 | 4 |
_aArtes visuales _xAspectos sociales _91428 |
| 942 |
_2lcc _cB |
||
| 999 |
_c354 _d354 |
||